000 00235nam a2200085Ia 4500
245 0 _aThe last one is a rotten egg
100 _a Gagliardi, Tina Edina, MN, 2009
_977280
942 _cBK
008 210817s9999 xx 000 0 und d
999 _c268195
_d268194